| 000 | 00491nam a22001697a 4500 | ||
|---|---|---|---|
| 999 |
_c62259 _d62259 |
||
| 005 | 20240906160143.0 | ||
| 008 | 240906c2007 enk||||| |||| 00| 0 eng d | ||
| 022 | _a0017 8322 | ||
| 041 | _aeng | ||
| 245 |
_aHastings Law Journal : _b 2007 / _c Editor G. Chariston. |
||
| 260 |
_aCalifornia, _c2007. |
||
| 300 | _aV. | ||
| 653 | _a სამართალი | ||
| 653 | _aპერიოდიკა | ||
| 700 |
_aChariston, G. _eრედაქტორი _923174 |
||
| 942 |
_2udc _cCR |
||